Score 0/10 Timer 04:00
0 Plays Today
National Holiday % Correct
Novruz (Turkmen New Year)
94.6%
New Year's Day
91.9%
Independence Day
73%
Khait (End of Ramadan)
59.5%
Day of Commemoration and National Mourning
40.5%
Kurban Bairam (Feast of the Sacrifice)
35.1%
Constitution and Magtymguly (Flag) Day
35.1%
Memorial Day
35.1%
International Women's Day
35.1%
Neutrality Day
18.9%
Remove Ads.
Support Sporcle.
Get the best of Sporcle when you Go Orange. This ad-free experience offers more features, more stats, and more fun while also helping to support Sporcle. Thank you for becoming a member.

You're not logged in!

Compare scores with friends on all Sporcle quizzes.
OR
Log In

Show Comments

Extras

Top Quizzes Today


Score Distribution

Your Account Isn't Verified!

In order to create a playlist on Sporcle, you need to verify the email address you used during registration. Go to your Sporcle Settings to finish the process.

Report this User

Report this user for behavior that violates our Community Guidelines.

Details: